City floorspace survey (Record no. 115129)

MARC details
000 -LEADER
fixed length control field 00548cam a22001815a 4500
001 - CONTROL NUMBER
control field L158082
008 - FIXED-LENGTH DATA ELEMENTS--GENERAL INFORMATION
fixed length control field 130531s2013 xxk 000 0 eng u
035 ## - SYSTEM CONTROL NUMBER
System control number (Sirsi) u158082
041 ## - LANGUAGE CODE
Language code of text/sound track or separate title eng
110 ## - MAIN ENTRY--CORPORATE NAME
Corporate name or jurisdiction name as entry element Ingleby Trice
9 (RLIN) 675
245 ## - TITLE STATEMENT
Title City floorspace survey
Remainder of title March 2014
260 ## - PUBLICATION, DISTRIBUTION, ETC.
Place of publication, distribution, etc. London
Name of publisher, distributor, etc. Ingleby Trice
Date of publication, distribution, etc. 2014
300 ## - PHYSICAL DESCRIPTION
Extent 11p.
Dimensions 30cm.
520 ## - SUMMARY, ETC.
Summary, etc. A monthly report which provides figures for floorspace availability and take up in the City and City Fringe.
651 #4 - SUBJECT ADDED ENTRY--GEOGRAPHIC NAME
Geographic name London
690 ## - LOCAL SUBJECT ADDED ENTRY--TOPICAL TERM (OCLC, RLIN)
Topical term or geographic name as entry element Commercial property
9 (RLIN) 6227
942 ## - ADDED ENTRY ELEMENTS (KOHA)
Suppress in OPAC 0
Holdings
Withdrawn status Lost status Source of classification or shelving scheme Damaged status Not for loan Home library Current library Shelving location Date acquired Total Checkouts Full call number Barcode Date last seen Copy number Price effective from Koha item type
    Dewey Decimal Classification     London London Books 16/04/2014   PROPERTY MARKET REPORT 30075225 06/08/2019 1 06/08/2019 Book